載入...
Sree swathi Thirunal: Jeevithavum krithikalum/
| 其他作者: | |
|---|---|
| 格式: | Printed Book |
| 語言: | English |
| 出版: |
Kottayam
Kerala Bhasha Institute
2012
|
| LEADER | 00474 a2200133 4500 | ||
|---|---|---|---|
| 008 | 190420b xxu||||| |||| 00| 0 eng d | ||
| 999 | |c 188293 |d 188293 | ||
| 020 | |a 9788176381567 | ||
| 084 | |2 cc |a NR21xM13 | ||
| 245 | |a Sree swathi Thirunal: Jeevithavum krithikalum/ | ||
| 260 | |b Kerala Bhasha Institute |c 2012 |a Kottayam | ||
| 700 | |a Sharma, V S |e Ed. | ||
| 942 | |c REF | ||
| 952 | |0 0 |1 0 |4 0 |6 NR_21XM13_Q2 |7 0 |8 KR |9 328767 |a LIB |b LIB |d 2018-11-14 |e 10 |g 329.00 |o NR21xM13 Q2 |p 308934 |r 2018-11-14 |v 470.00 |y REF | ||